| 000 | 00493nam a2200181Ia 4500 | ||
|---|---|---|---|
| 005 | 20250508154134.0 | ||
| 008 | 008 250505s9999 xx 000 0 eng d | ||
| 037 | _aTextual | ||
| 040 |
_aFEDL _beng _cFEDL |
||
| 041 |
_aeng _2eng |
||
| 084 |
_a372.83, SHA _qFEDL |
||
| 100 |
_aShapp Charles _9765137 |
||
| 245 | 0 | _aLet's find out about : Policemen | |
| 260 |
_aNew York, USA _bFranklin Watts |
||
| 300 | _a42p. | ||
| 942 |
_cTEXL _h372.83, SHA |
||
| 999 |
_c1347934 _d1347934 |
||